[Event "DM 2026 Kort Paaske 1B"]
[Site "Svendborg"]
[Date "2026.03.29"]
[Round "3.12"]
[White "Hansen, Simon"]
[Black "Sejersen, Christian"]
[Result "0-1"]
[WhiteElo "1894"]
[BlackElo "1916"]
[WhiteFideId "1477820"]
[BlackFideId "1441060"]
[EventDate "2026.03.28"]
[EventType "swiss"]
[EventRounds "5"]
[EventCountry "DEN"]
[SourceTitle "Live v. Kasper Jerwiarz"]

1. e3 Nf6 2. Nf3 g6 3. d4 Bg7 4. c4 O-O 5. Nc3 d6 6. Be2 Nbd7 7. O-O Re8 8. b3 e5 9. Bb2 e4 10. Nd2 Nf8 11. Qc2 Bf5 12. a4 a5 13. d5 h5 14. Nb5 h4 15. Nd4 Bd7 16. Bc3 h3 17. g3 c6 18. dxc6 bxc6 19. Rfd1 N8h7 20. Bb2 Ng5 21. c5 d5 22. Bc3 Ne6 23. Nxe6 Bxe6 24. Nc4 Qe7 25. Nxa5 Qxc5 26. b4 Qb6 27. Rac1 c5 28. Bxf6 Bxf6 29. Qxc5 Qxc5 30. Rxc5 Be7 31. Rb5 Bxb4 32. Rxb4 Rxa5 33. Rc1 Rc8 34. Rxc8+ Bxc8 35. Rb8 Rc5 36. f3 Kg7 37. Rb2 Rc1+ 38. Kf2 Rh1 39. g4 Rxh2+ 40. Kg3 Rg2+ 41. Kxh3 exf3 0-1

[Event "DM 2026 Kort Paaske 1B"]
[Site "Svendborg"]
[Date "2026.03.29"]
[Round "3.13"]
[White "Hansen, Daniel Hoppe"]
[Black "Bruntse, Caroline Lindegaard"]
[Result "0-1"]
[WhiteElo "1832"]
[BlackElo "1781"]
[WhiteFideId "1486101"]
[BlackFideId "1472275"]
[EventDate "2026.03.28"]
[EventType "swiss"]
[EventRounds "5"]
[EventCountry "DEN"]
[SourceTitle "Live v. Kasper Jerwiarz"]

1. Nf3 d5 2. c4 c6 3. d4 Nf6 4. g3 e6 5. Bg2 Be7 6. Nc3 O-O 7. O-O Nbd7 8. cxd5 exd5 9. Rb1 a5 10. a3 Re8 11. b4 axb4 12. axb4 b5 13. Qc2 Bd6 14. Re1 Nb6 15. Bf4 Bxf4 16. gxf4 Nc4 17. Rb3 g6 18. Ne5 Ra6 19. e4 dxe4 20. Nxe4 Nxe4 21. Bxe4 Nxe5 22. dxe5 Bb7 23. Rd3 Qh4 24. Rd7 Qg4+ 0-1

[Event "DM 2026 Kort Paaske 1B"]
[Site "Svendborg"]
[Date "2026.03.29"]
[Round "3.14"]
[White "Petersen, Poul Erik"]
[Black "Bultijnck, Kristoff"]
[Result "1-0"]
[WhiteElo "1861"]
[BlackElo "1717"]
[WhiteFideId "1440667"]
[BlackFideId "254975"]
[EventDate "2026.03.28"]
[EventType "swiss"]
[EventRounds "5"]
[EventCountry "DEN"]
[SourceTitle "Live v. Kasper Jerwiarz"]

1. e4 c5 2. Nf3 d6 3. Bc4 e6 4. Nc3 Nf6 5. d4 cxd4 6. Nxd4 Be7 7. O-O O-O 8. h3 a6 9. a4 Bd7 10. Be3 Nc6 11. Nb3 Ne5 12. Be2 Rc8 13. Nd2 Bc6 14. a5 d5 15. Bb6 Qe8 16. f4 Ned7 17. e5 Ne4 18. Ncxe4 Nxb6 19. axb6 dxe4 20. c3 Bc5+ 21. Kh1 Bxb6 22. Qc2 e3 23. Nc4 Qd8 24. Bd3 g6 25. Nd6 Rc7 26. b4 Rd7 27. Be4 Qc7 28. c4 Bxe4 29. Nxe4 Rd4 30. Rac1 Qc6 31. Nf6+ Kg7 32. Qe2 Rd2 33. Qg4 e2 34. Rfe1 Bd8 35. Nh5+ Kh8 36. Ng3 h5 37. Nxh5 gxh5 38. Qxh5+ Kg7 39. Rc3 Bh4 40. Qg4+ Bg5 41. Qxg5+ 1-0

[Event "DM 2026 Kort Paaske 1B"]
[Site "Svendborg"]
[Date "2026.03.29"]
[Round "3.15"]
[White "Knudsen, Martin Markvard"]
[Black "Andersen, Frederik"]
[Result "0-1"]
[WhiteElo "1800"]
[BlackElo "1665"]
[BlackFideId "1481630"]
[EventDate "2026.03.28"]
[EventType "swiss"]
[EventRounds "5"]
[EventCountry "DEN"]
[SourceTitle "Live v. Kasper Jerwiarz"]

1. e4 e5 2. Nf3 Nc6 3. Bb5 a6 4. Ba4 Nf6 5. d3 b5 6. Bb3 h6 7. c3 Bc5 8. Nbd2 O-O 9. Nf1 Re8 10. Be3 d6 11. h3 Bxe3 12. Nxe3 Ne7 13. O-O c5 14. Bc2 Ng6 15. c4 Nf4 16. Kh2 Qd7 17. Nf5 g6 18. Nxh6+ Kg7 19. Nxf7 Kxf7 20. Ng5+ Kg7 21. h4 Rh8 22. g3 Ne6 23. Nxe6+ Qxe6 24. Rh1 Bd7 25. cxb5 axb5 26. a4 g5 27. Kg1 gxh4 28. axb5 hxg3 0-1

[Event "DM 2026 Kort Paaske 1B"]
[Site "Svendborg"]
[Date "2026.03.29"]
[Round "3.16"]
[White "Licht, Torsten Wentzer"]
[Black "Nielsen, Pia"]
[Result "1/2-1/2"]
[WhiteElo "1687"]
[BlackElo "1592"]
[WhiteFideId "1479326"]
[BlackFideId "1409700"]
[EventDate "2026.03.28"]
[EventType "swiss"]
[EventRounds "5"]
[EventCountry "DEN"]
[SourceTitle "Live v. Kasper Jerwiarz"]

1. e4 c6 2. d4 d5 3. e5 Bf5 4. Nf3 e6 5. Be2 c5 6. Be3 cxd4 7. Nxd4 Be4 8. O-O h5 9. Nd2 Bg6 10. c4 Ne7 11. cxd5 Nxd5 12. Bb5+ Nd7 13. Qa4 Nb6 14. Bxd7+ Qxd7 15. Qxd7+ Nxd7 16. f4 Bc5 17. N2b3 Bb6 18. Rac1 O-O 19. a4 a5 20. Rfe1 Rfc8 21. Kf2 Rc7 22. Nb5 Bxe3+ 23. Kxe3 Rc2 24. Rxc2 Bxc2 25. N5d4 Bxb3 26. Nxb3 Rc8 27. Nd4 Nb8 28. Nb5 Rc2 29. Re2 Rc4 30. Rd2 Nc6 31. b3 Rc1 1/2-1/2

[Event "DM 2026 Kort Paaske 1B"]
[Site "Svendborg"]
[Date "2026.03.29"]
[Round "3.17"]
[White "Kjeldsen, Johannes Juel"]
[Black "Gronnemose, Freja Egelund"]
[Result "1-0"]
[WhiteElo "1886"]
[BlackElo "1924"]
[WhiteFideId "1473263"]
[BlackFideId "1474456"]
[EventDate "2026.03.28"]
[EventType "swiss"]
[EventRounds "5"]
[EventCountry "DEN"]
[SourceTitle "Live v. Kasper Jerwiarz"]

1. e4 c6 2. d4 d5 3. exd5 cxd5 4. Bd3 Nf6 5. h3 Nc6 6. c3 Ne4 7. Bxe4 dxe4 8. d5 Ne5 9. Qa4+ Bd7 10. Qxe4 Ng6 11. Nf3 Qc7 12. O-O e6 13. dxe6 fxe6 14. Bg5 Bd6 15. Nbd2 O-O 16. Nc4 Bf4 17. Ne3 Rae8 18. Bxf4 Rxf4 19. Qc2 Bc6 20. Nd4 Bxg2 21. Nxg2 Rxd4 22. Rad1 Ne5 23. f4 Rxd1 24. Qxd1 Rd8 25. Qe2 Qb6+ 26. Kh2 Ng6 27. Re1 Re8 28. f5 Qd6+ 29. Kh1 Nf4 30. Qc4 Nxg2 31. Kxg2 Qd2+ 32. Re2 Qg5+ 33. Qg4 Qxg4+ 34. hxg4 e5 35. Kf3 Kf7 36. Ke4 Rd8 37. Rh2 h6 38. Kxe5 Re8+ 39. Kf4 Kf6 40. Rd2 Re7 41. a4 a6 42. a5 Rc7 43. Rd6+ Ke7 44. Rb6 Kd7 45. Rg6 Ke8 46. f6 Rc4+ 47. Kf3 Rc6 48. Rxg7 Rxf6+ 49. Kg3 Rf7 50. Rxf7 Kxf7 51. b4 Kg7 52. c4 Kf7 53. Kh4 Kf6 54. Kh5 Kg7 55. b5 1-0

[Event "DM 2026 Kort Paaske 1B"]
[Site "Svendborg"]
[Date "2026.03.29"]
[Round "3.18"]
[White "Mortensen, Erik Holm"]
[Black "Schachter, Per"]
[Result "1-0"]
[WhiteElo "1719"]
[BlackElo "1670"]
[WhiteFideId "1485199"]
[BlackFideId "1489739"]
[EventDate "2026.03.28"]
[EventType "swiss"]
[EventRounds "5"]
[EventCountry "DEN"]
[SourceTitle "Live v. Kasper Jerwiarz"]

1. e4 c5 2. Nf3 e6 3. d4 cxd4 4. Nxd4 Nc6 5. Nc3 a6 6. Be3 Nf6 7. f4 d6 8. Nxc6 bxc6 9. e5 Nd5 10. Nxd5 cxd5 11. Be2 dxe5 12. fxe5 Qh4+ 13. Kf1 Qe4 14. Bd4 Qf4+ 15. Bf3 Rb8 16. g3 Qf5 17. Kg2 h5 18. Qd2 g5 19. Rhf1 Qg6 20. Kg1 Be7 21. Be2 g4 22. Bd3 Qg7 23. Qe2 h4 24. Rf4 hxg3 25. hxg3 Qh6 26. Qg2 Bg5 27. Rf2 Be3 28. Bxe3 Qxe3 29. b3 Rh3 30. Kf1 Rxg3 31. Qh1 Qxe5 32. Re1 Re3 33. Rxe3 Qxe3 34. Qh8+ Ke7 35. Qf6+ Kd6 36. Qxf7 Qh3+ 37. Kg1 Rb7 38. Qf8+ Kc6 39. Qxc8+ Kb6 40. Qxe6+ Kc5 41. Rh2 Rb6 42. Qe7+ 1-0

[Event "DM 2026 Kort Paaske 1B"]
[Site "Svendborg"]
[Date "2026.03.29"]
[Round "3.19"]
[White "Saliev, Ramadan"]
[Black "Larsen, Rune"]
[Result "0-1"]
[WhiteElo "1673"]
[BlackElo "1780"]
[WhiteFideId "1422448"]
[BlackFideId "1475681"]
[EventDate "2026.03.28"]
[EventType "swiss"]
[EventRounds "5"]
[EventCountry "DEN"]
[SourceTitle "Live v. Kasper Jerwiarz"]

1. e4 c6 2. b3 d5 3. exd5 cxd5 4. Bb2 Nf6 5. d4 Nc6 6. h3 Bf5 7. Nf3 Rc8 8. Nc3 e6 9. a3 Bd6 10. Nh4 Ne7 11. Nxf5 Nxf5 12. Qd2 O-O 13. g4 Nh4 14. O-O-O a6 15. Bd3 Qc7 16. b4 Bf4 17. Ne2 Bxd2+ 18. Rxd2 Nf3 19. Rdd1 Ne4 20. Rhf1 b5 21. c3 Rfd8 22. Kc2 e5 23. Bxe4 dxe4 24. Kb1 exd4 25. Ka1 d3 26. Ng3 Qc4 27. Nf5 Rc7 28. Rh1 g6 29. Ne3 Qb3 30. Rc1 Nd2 31. g5 Nc4 32. Nxc4 Rxc4 33. h4 Rdc8 34. h5 Rxc3 35. Rb1 Rc2 36. hxg6 fxg6 37. Rh4 Re2 38. Rf4 Rcc2 39. Rf8+ Kxf8 40. Bg7+ Kxg7 41. Rxb3 Re1+ 42. Rb1 d2 0-1

[Event "DM 2026 Kort Paaske 1B"]
[Site "Svendborg"]
[Date "2026.03.30"]
[Round "4.10"]
[White "Ringsmose, Christian"]
[Black "Eberle, Simon"]
[Result "1-0"]
[WhiteElo "1886"]
[BlackElo "1904"]
[WhiteFideId "1451669"]
[BlackFideId "1477919"]
[EventDate "2026.03.28"]
[EventType "swiss"]
[EventRounds "5"]
[EventCountry "DEN"]
[SourceTitle "Live v. Kasper Jerwiarz"]

1. e4 c6 2. Nf3 d5 3. exd5 cxd5 4. Ne5 Nf6 5. d4 Nc6 6. c3 Bf5 7. Bb5 Qb6 8. Bd3 Bxd3 9. Nxd3 e6 10. Bf4 Be7 11. O-O O-O 12. Re1 Rac8 13. Nd2 Na5 14. Rb1 Nd7 15. Qg4 Nf6 16. Qh3 Nc4 17. Nxc4 dxc4 18. Ne5 Nd5 19. Bd2 Qd8 20. Re2 Bg5 21. Qg3 Bxd2 22. Rxd2 b5 23. Re1 a5 24. Re4 Nf6 25. Rh4 b4 26. Re2 bxc3 27. Qxc3 Qd5 28. Re3 h6 29. Reh3 Ne4 30. Qe3 f6 31. Ng6 Ng5 32. Ne7+ 1-0

[Event "DM 2026 Kort Paaske 1B"]
[Site "Svendborg"]
[Date "2026.03.30"]
[Round "4.11"]
[White "Sejersen, Christian"]
[Black "Nielsen, Angelo"]
[Result "1-0"]
[WhiteElo "1916"]
[BlackElo "1719"]
[WhiteFideId "1441060"]
[BlackFideId "1442589"]
[EventDate "2026.03.28"]
[EventType "swiss"]
[EventRounds "5"]
[EventCountry "DEN"]
[SourceTitle "Live v. Kasper Jerwiarz"]

1. Nf3 g6 2. e4 d6 3. d4 Nf6 4. Bd3 Bg7 5. O-O a6 6. c3 Nc6 7. a4 e5 8. d5 Ne7 9. Qc2 O-O 10. Nbd2 Nh5 11. b4 Nf4 12. c4 Nxd3 13. Qxd3 f5 14. Ba3 Kh8 15. Rac1 h6 16. c5 g5 17. cxd6 cxd6 18. b5 Rf6 19. Qc4 axb5 20. Qc7 Qxc7 21. Rxc7 Bf8 22. Nxe5 Nxd5 23. exd5 dxe5 24. Bxf8 Rxf8 25. axb5 Rd8 26. Rfc1 Rb8 27. b6 Bd7 28. h3 Bb5 29. R1c5 Ba6 30. Nf3 Rd6 31. Nxe5 Rxb6 32. d6 Rb1+ 33. Kh2 Bb5 34. d7 Bxd7 35. Rxd7 Rb6 36. Rcc7 1-0

[Event "DM 2026 Kort Paaske 1B"]
[Site "Svendborg"]
[Date "2026.03.30"]
[Round "4.12"]
[White "Petersen, Poul Erik"]
[Black "Andersen, Frederik"]
[Result "1-0"]
[WhiteElo "1861"]
[BlackElo "1665"]
[WhiteFideId "1440667"]
[BlackFideId "1481630"]
[EventDate "2026.03.28"]
[EventType "swiss"]
[EventRounds "5"]
[EventCountry "DEN"]
[SourceTitle "Live v. Kasper Jerwiarz"]

1. c4 e5 2. Nc3 c5 3. g3 h5 4. Nf3 Nc6 5. h4 d6 6. Bg2 Be6 7. d3 Be7 8. Bg5 f6 9. Bd2 Nh6 10. Qa4 Nf7 11. a3 Bd7 12. Qc2 Nh6 13. Nd5 Nf5 14. b4 Be6 15. e3 g5 16. b5 Nb8 17. hxg5 fxg5 18. Nxe7 Qxe7 19. Nxg5 1-0

[Event "DM 2026 Kort Paaske 1B"]
[Site "Svendborg"]
[Date "2026.03.30"]
[Round "4.13"]
[White "Bruntse, Caroline Lindegaard"]
[Black "Jorgensen, Martin"]
[Result "1/2-1/2"]
[WhiteElo "1781"]
[BlackElo "1831"]
[WhiteFideId "1472275"]
[BlackFideId "1448161"]
[EventDate "2026.03.28"]
[EventType "swiss"]
[EventRounds "5"]
[EventCountry "DEN"]
[SourceTitle "Live v. Kasper Jerwiarz"]

1. d4 d5 2. c4 e6 3. Nc3 Be7 4. Nf3 Nf6 5. cxd5 exd5 6. Bg5 c6 7. e3 Bf5 8. Bd3 Bxd3 9. Qxd3 O-O 10. O-O Re8 11. a3 Nbd7 12. Rac1 Ne4 13. Bxe7 Qxe7 14. Rc2 h5 15. Qe2 Ndf6 16. Ne5 h4 17. Nxe4 Nxe4 18. Qg4 Qg5 19. Qxg5 Nxg5 20. h3 Re7 21. Rb1 Ne4 22. b4 Nd6 23. a4 a6 24. Rb3 g5 25. Nf3 f6 26. Nd2 Kf7 1/2-1/2

[Event "DM 2026 Kort Paaske 1B"]
[Site "Svendborg"]
[Date "2026.03.30"]
[Round "4.14"]
[White "Licht, Torsten Wentzer"]
[Black "Hansen, Simon"]
[Result "0-1"]
[WhiteElo "1687"]
[BlackElo "1894"]
[WhiteFideId "1479326"]
[BlackFideId "1477820"]
[EventDate "2026.03.28"]
[EventType "swiss"]
[EventRounds "5"]
[EventCountry "DEN"]
[SourceTitle "Live v. Kasper Jerwiarz"]

1. e4 e6 2. b3 d5 3. Bb2 Ne7 4. exd5 exd5 5. Nf3 Bg4 6. h3 Bh5 7. d4 Nbc6 8. Be2 Qd7 9. Ne5 Bxe2 10. Qxe2 Nxe5 11. dxe5 O-O-O 12. Nd2 Kb8 13. O-O-O c5 14. f4 d4 15. Nc4 Nd5 16. Qf3 Qc7 17. a4 Be7 18. c3 Nxc3 19. Bxc3 dxc3 20. Qxc3 f6 21. Rhe1 fxe5 22. Qxe5 Bf6 23. Qxc7+ Kxc7 24. Ne5 Rxd1+ 25. Rxd1 Bxe5 26. fxe5 Re8 27. Re1 Kc6 28. Kc2 Re6 29. Kd3 Kd5 30. g3 Rxe5 31. Rxe5+ Kxe5 32. Ke3 b6 33. Kd3 Kd5 34. h4 a6 35. g4 b5 36. a5 c4+ 37. bxc4+ bxc4+ 38. Kc2 Kd4 39. Kd2 c3+ 40. Kc1 Kc4 41. Kc2 Kb4 42. g5 g6 43. Kc1 Kxa5 44. Kc2 Kb4 45. Kc1 a5 0-1

[Event "DM 2026 Kort Paaske 1B"]
[Site "Svendborg"]
[Date "2026.03.30"]
[Round "4.15"]
[White "Mortensen, Erik Holm"]
[Black "Kjeldsen, Johannes Juel"]
[Result "0-1"]
[WhiteElo "1719"]
[BlackElo "1886"]
[WhiteFideId "1485199"]
[BlackFideId "1473263"]
[EventDate "2026.03.28"]
[EventType "swiss"]
[EventRounds "5"]
[EventCountry "DEN"]
[SourceTitle "Live v. Kasper Jerwiarz"]

1. e4 c5 2. Nf3 Nc6 3. d4 cxd4 4. Nxd4 g6 5. Nc3 Bg7 6. Be3 Nf6 7. f4 d6 8. Be2 O-O 9. g4 Nd7 10. Qd2 Nc5 11. Bf3 Nxd4 12. Bxd4 Bxd4 13. Qxd4 e5 14. fxe5 Qh4+ 15. Ke2 Bxg4 16. exd6 Bxf3+ 17. Kxf3 Qh3+ 18. Ke2 Ne6 19. Qe3 Qg2+ 20. Kd3 Rad8 21. e5 f6 22. Rag1 Qc6 23. Ne4 fxe5 24. c4 Rf4 25. b4 Qa4 26. Nf6+ Rxf6 27. Qxe5 Nf4+ 28. Kc3 Rdxd6 29. Rf1 Qa3+ 30. Kc2 Qxa2+ 31. Kc1 Nd3+ 0-1

[Event "DM 2026 Kort Paaske 1B"]
[Site "Svendborg"]
[Date "2026.03.30"]
[Round "4.16"]
[White "Larsen, Rune"]
[Black "Hansen, Daniel Hoppe"]
[Result "1-0"]
[WhiteElo "1780"]
[BlackElo "1832"]
[WhiteFideId "1475681"]
[BlackFideId "1486101"]
[EventDate "2026.03.28"]
[EventType "swiss"]
[EventRounds "5"]
[EventCountry "DEN"]
[SourceTitle "Live v. Kasper Jerwiarz"]

1. d4 Nf6 2. e3 d5 3. Bd3 e6 4. Nd2 c5 5. c3 Nc6 6. f4 h5 7. Ngf3 Bd6 8. Ne5 Bxe5 9. fxe5 b6 10. exf6 Qxf6 11. Qf3 Qe7 12. O-O Bd7 13. Qf2 e5 14. Bf5 O-O-O 15. Bxd7+ Rxd7 16. b4 Rh6 17. bxc5 h4 18. cxb6 axb6 19. Rb1 Kb7 20. Qe2 exd4 21. cxd4 Rg6 22. Nb3 Rdd6 23. Nc5+ Kc7 24. Na6+ Kb7 25. Rf2 Qe4 26. Nc5+ 1-0

[Event "DM 2026 Kort Paaske 1B"]
[Site "Svendborg"]
[Date "2026.03.30"]
[Round "4.17"]
[White "Nielsen, Pia"]
[Black "Knudsen, Martin Markvard"]
[Result "0-1"]
[WhiteElo "1592"]
[BlackElo "1800"]
[WhiteFideId "1409700"]
[EventDate "2026.03.28"]
[EventType "swiss"]
[EventRounds "5"]
[EventCountry "DEN"]
[SourceTitle "Live v. Kasper Jerwiarz"]

1. c3 e5 2. d4 exd4 3. cxd4 d5 4. Nf3 h6 5. Bf4 Bd6 6. Bxd6 Qxd6 7. e3 Nf6 8. Nc3 c6 9. Bd3 O-O 10. Qc2 Nbd7 11. h4 Re8 12. O-O-O b5 13. Ng5 b4 14. Bh7+ Nxh7 15. Qxh7+ Kf8 16. Ne2 hxg5 17. hxg5 Qg6 18. Qh4 f6 19. Qf4 Nb6 20. Rh8+ Ke7 21. Qc7+ Bd7 22. gxf6+ Qxf6 23. Rh5 Qxf2 24. Re5+ Kf7 25. Ng3 Qxg3 26. Rf5+ Kg8 27. Qxg3 Bxf5 28. b3 Re7 29. Re1 Rae8 30. Kd2 Nd7 31. Qd6 Nf6 32. Qf4 Ne4+ 33. Kc1 Rf8 34. Qh4 Re6 35. Rh1 Rh6 36. Qe1 Rxh1 37. Qxh1 Nc3 38. Kb2 Bd3 39. Qh3 Rf2+ 40. Kc1 Rc2# 0-1

[Event "DM 2026 Kort Paaske 1B"]
[Site "Svendborg"]
[Date "2026.03.30"]
[Round "4.18"]
[White "Bultijnck, Kristoff"]
[Black "Gronnemose, Freja Egelund"]
[Result "1-0"]
[WhiteElo "1717"]
[BlackElo "1924"]
[WhiteFideId "254975"]
[BlackFideId "1474456"]
[EventDate "2026.03.28"]
[EventType "swiss"]
[EventRounds "5"]
[EventCountry "DEN"]
[SourceTitle "Live v. Kasper Jerwiarz"]

1. e4 c6 2. d4 d5 3. Nc3 dxe4 4. Nxe4 Nf6 5. Nxf6+ exf6 6. Nf3 Bf5 7. Bd3 Bxd3 8. Qxd3 Bd6 9. Qe2+ Qe7 10. Qxe7+ Kxe7 11. O-O Kd7 12. Re1 Na6 13. Bd2 Bb4 14. c3 Bd6 15. Re2 g5 16. c4 Rae8 17. Rae1 Bb4 18. a3 Bxd2 19. Nxd2 Rxe2 20. Rxe2 Re8 21. Rxe8 Kxe8 22. Ne4 Ke7 23. f3 b6 24. Kf2 Nc7 25. Ke3 Ne6 26. b4 f5 27. Nc3 h6 28. b5 c5 29. dxc5 Nxc5 30. Nd5+ Kd6 31. f4 g4 32. Nf6 Ne6 33. g3 Kc5 34. Kd3 Kd6 35. Nd5 Nc5+ 36. Kd4 h5 37. Nf6 h4 38. gxh4 Ke6 39. Nd5 Nb3+ 40. Kc3 Nc5 41. h5 f6 42. h6 Ne4+ 43. Kd4 Kf7 44. Ne3 g3 45. hxg3 Nxg3 46. Kd5 Kg6 47. Ke6 Ne2 48. Nd5 Nd4+ 49. Kd6 Kxh6 50. Nxf6 Kg6 51. Nd5 Nc2 52. a4 Na3 53. Ne3 Kf6 54. Nd5+ Kf7 55. Ne3 Kf6 56. c5 bxc5 57. Kxc5 Nb1 58. a5 Nd2 59. Kc6 Nb3 60. Nd5+ Ke6 61. Nc7+ Ke7 62. a6 Na5+ 63. Kc5 Kd7 64. Nd5 Nb3+ 65. Kc4 Nd2+ 66. Kb4 Kd6 67. b6 1-0

[Event "DM 2026 Kort Paaske 1B"]
[Site "Svendborg"]
[Date "2026.03.30"]
[Round "4.19"]
[White "Schachter, Per"]
[Black "Saliev, Ramadan"]
[Result "1-0"]
[WhiteElo "1670"]
[BlackElo "1673"]
[WhiteFideId "1489739"]
[BlackFideId "1422448"]
[EventDate "2026.03.28"]
[EventType "swiss"]
[EventRounds "5"]
[EventCountry "DEN"]
[SourceTitle "Live v. Kasper Jerwiarz"]

1. Nf3 b6 2. g3 Bb7 3. Bg2 d6 4. d4 h6 5. O-O Nf6 6. c4 e6 7. Re1 Be7 8. Nc3 Nbd7 9. e4 O-O 10. b3 c6 11. Bb2 Qc7 12. Rc1 Rac8 13. h3 Qb8 14. e5 Nh7 15. exd6 Bxd6 16. Ne4 Bc7 17. Nfd2 Rcd8 18. Qc2 a6 19. c5 Qa7 20. b4 Qb8 21. Nc4 bxc5 22. dxc5 Ne5 23. Ncd6 Nd7 24. Qe2 e5 25. Nf5 Ndf6 26. Rc4 Rfe8 27. Bc1 Bc8 28. Nxh6+ gxh6 29. Bxh6 Be6 30. Nxf6+ Nxf6 31. Qf3 Kh7 32. Qxf6 Rg8 33. Be4+ Rg6 34. Qg7# 1-0

[Event "DM 2026 Kort Paaske 1B"]
[Site "Svendborg"]
[Date "2026.03.30"]
[Round "5.10"]
[White "Sejersen, Christian"]
[Black "Ringsmose, Christian"]
[Result "1/2-1/2"]
[WhiteElo "1916"]
[BlackElo "1886"]
[WhiteFideId "1441060"]
[BlackFideId "1451669"]
[EventDate "2026.03.28"]
[EventType "swiss"]
[EventRounds "5"]
[EventCountry "DEN"]
[SourceTitle "Live v. Kasper Jerwiarz"]

1. Nf3 g6 2. e4 c5 3. d4 cxd4 4. c3 d3 5. Bxd3 Nc6 6. O-O Bg7 7. Be3 Nf6 8. h3 O-O 9. c4 e6 10. Nc3 d5 11. cxd5 exd5 12. Nxd5 Nxd5 13. Bc1 1/2-1/2

[Event "DM 2026 Kort Paaske 1B"]
[Site "Svendborg"]
[Date "2026.03.30"]
[Round "5.11"]
[White "Eberle, Simon"]
[Black "Petersen, Poul Erik"]
[Result "1-0"]
[WhiteElo "1904"]
[BlackElo "1861"]
[WhiteFideId "1477919"]
[BlackFideId "1440667"]
[EventDate "2026.03.28"]
[EventType "swiss"]
[EventRounds "5"]
[EventCountry "DEN"]
[SourceTitle "Live v. Kasper Jerwiarz"]

1. d4 Nf6 2. Nc3 d5 3. Bf4 Bg4 4. f3 Bf5 5. g4 Bg6 6. h4 h5 7. g5 Ng8 8. e3 a6 9. Bd3 Bxd3 10. Qxd3 e6 11. O-O-O Bd6 12. Nge2 Ne7 13. e4 Bxf4+ 14. Nxf4 Qd6 15. Qe3 c6 16. Rhg1 g6 17. Rge1 Kd8 18. Nd3 Nd7 19. f4 dxe4 20. Nxe4 Qc7 21. Ne5 Rf8 22. Nc5 Nd5 23. Qb3 Nxe5 24. dxe5 b6 25. Ne4 Kc8 26. Nd6+ Kb8 27. Re4 Ka7 28. Qa3 Ne7 29. Qxa6+ Kb8 30. Qc4 Nf5 31. Nxf5 exf5 32. Red4 Ra7 33. Rd6 c5 34. a3 Ra5 35. Rd7 Qc6 36. Rxf7 Re8 37. Rf6 Rh8 1-0

[Event "DM 2026 Kort Paaske 1B"]
[Site "Svendborg"]
[Date "2026.03.30"]
[Round "5.12"]
[White "Hansen, Simon"]
[Black "Jorgensen, Martin"]
[Result "1-0"]
[WhiteElo "1894"]
[BlackElo "1831"]
[WhiteFideId "1477820"]
[BlackFideId "1448161"]
[EventDate "2026.03.28"]
[EventType "swiss"]
[EventRounds "5"]
[EventCountry "DEN"]
[SourceTitle "Live v. Kasper Jerwiarz"]

1. d4 d5 2. c4 e6 3. Nc3 Be7 4. cxd5 exd5 5. Bf4 c6 6. Qc2 g6 7. e3 Bf5 8. Bd3 Bxd3 9. Qxd3 Nf6 10. Nge2 O-O 11. O-O Re8 12. f3 Bf8 13. e4 dxe4 14. fxe4 Bg7 15. e5 Nd5 16. Ne4 Nxf4 17. Nxf4 Rxe5 18. dxe5 1-0

[Event "DM 2026 Kort Paaske 1B"]
[Site "Svendborg"]
[Date "2026.03.30"]
[Round "5.13"]
[White "Kjeldsen, Johannes Juel"]
[Black "Bruntse, Caroline Lindegaard"]
[Result "1/2-1/2"]
[WhiteElo "1886"]
[BlackElo "1781"]
[WhiteFideId "1473263"]
[BlackFideId "1472275"]
[EventDate "2026.03.28"]
[EventType "swiss"]
[EventRounds "5"]
[EventCountry "DEN"]
[SourceTitle "Live v. Kasper Jerwiarz"]

1. e3 d5 2. Nf3 c6 3. b3 Nf6 4. Bb2 e6 5. Be2 Be7 6. d4 O-O 7. Nbd2 Nbd7 8. O-O b6 9. Rc1 Bb7 10. Ne1 c5 11. Nd3 Rc8 12. c4 Re8 13. f4 Bd6 14. Ne5 Nf8 15. cxd5 Nxd5 16. Ndc4 cxd4 17. Bxd4 Bc5 18. Bxc5 Rxc5 19. Qd2 Nf6 20. Bf3 Bxf3 21. Nxf3 Qxd2 22. Ncxd2 Rec8 23. Rxc5 Rxc5 24. Nd4 a6 25. e4 N8d7 26. e5 1/2-1/2

[Event "DM 2026 Kort Paaske 1B"]
[Site "Svendborg"]
[Date "2026.03.30"]
[Round "5.14"]
[White "Knudsen, Martin Markvard"]
[Black "Bultijnck, Kristoff"]
[Result "1/2-1/2"]
[WhiteElo "1800"]
[BlackElo "1717"]
[BlackFideId "254975"]
[EventDate "2026.03.28"]
[EventType "swiss"]
[EventRounds "5"]
[EventCountry "DEN"]
[SourceTitle "Live v. Kasper Jerwiarz"]

1. e4 c5 2. c3 d6 3. d4 cxd4 4. cxd4 Nf6 5. Nc3 a6 6. Bc4 b5 7. Bd3 Nc6 8. Nge2 Bb7 9. a3 Qb6 10. h3 e5 11. Be3 exd4 12. Nxd4 Nxd4 13. Bxd4 Qd8 14. O-O Be7 15. Nd5 Nxd5 16. exd5 Bf6 17. Re1+ Kf8 18. Be4 Rc8 19. b3 g6 20. Qd2 Kg7 21. Qb2 Re8 22. Re3 Bxd4 23. Qxd4+ Qf6 24. Qxf6+ Kxf6 25. Rae1 a5 26. g4 b4 27. a4 Rc5 28. Rd1 Rec8 29. h4 h6 30. f4 Rc3 31. Kf2 Ba6 32. Bd3 Bb7 33. Be4 Rxe3 34. Kxe3 Ba6 35. Bd3 Rc3 36. Kd4 Bc8 37. g5+ Kg7 38. Rb1 Bg4 39. Rb2 Bd1 40. Bc4 Bc2 41. Ra2 Bxb3 42. Bxb3 Rxb3 43. Kc4 Rf3 44. Kb5 Rxf4 45. Kxa5 Rd4 46. Kb5 b3 47. Rb2 Rxd5+ 48. Kc4 Rc5+ 49. Kxb3 hxg5 50. hxg5 Rxg5 51. Kb4 Rg4+ 52. Kb5 Rg5+ 53. Kb6 Rg3 54. Ra2 Rb3+ 55. Kc6 g5 56. a5 Rb8 57. Kxd6 Ra8 58. a6 Ra7 59. Kc6 f5 60. Kb6 Rf7 61. a7 Rxa7 62. Rxa7+ Kf6 63. Kc5 Ke5 64. Re7+ Kf4 65. Kd4 g4 66. Kd3 Kf3 67. Kd2 g3 68. Rf7 g2 69. Rxf5+ Kg4 70. Rf8 Kg3 71. Rg8+ Kf2 72. Rxg2+ Kxg2 1/2-1/2